000 00964nam a2200289Ia 4500
003 OSt
005 20221005022729.0
006 a|||||r|||| 00| 0
007 ta
008 221004b |||||||| |||| 00| 0 eng d
020 _a1588115011
_c4852.65
024 _a83447
037 _b10740, 30/03/2005, Govinda Book House
_cTextual
040 _aCRL
_cCRL
_beng
041 _2eng
_aeng
082 _aP:3, P4
100 _aKertesz Andras
_9578549
245 0 _aCognitive semantics and scientific knowledge
_b Case studies in the cognitive science of science
260 _aAmsterdam
_bJohn Benjamins Publishing Company Netherland
_c2004
300 _a259p.
_ccm.
490 _aConverging evidence in language and communication research
650 _a COGNITIVE STYLES
_915127
650 _a LINGUISTICS
650 _aSEMANTICS
942 _hP:3, P4
_cTEXL
_2cc
999 _c929938
_d929938